100 Biggest Cities in Central America on a Blank Map - Statistics

General Stats
  • This quiz has been taken 2,331 times
    1,623 since last reset
  • The average score is 22 of 100
Answers on the Map
Answers color-coded by a green-red scale on the quiz's map according to % correct below.
 
Answer Stats
Answer Population % Correct
Panama City 430 299
98%
Guatemala City 923 392
95%
San José 1 453 500
94%
San José Pinula 67 327
94%
Managua 1 041 145
91%
San Salvador 316 090
90%
Tegucigalpa 1 092 960
90%
Belize City 65 173
80%
San Pedro Ayampuc 48 727
66%
San Pedro Sacatepéquez 49 589
66%
San Pedro Sula 671 460
66%
San Juan Sacatepéquez 155 965
48%
Colón 91 212
44%
Santa Ana 204 340
42%
León 172 148
40%
San Miguel 158 136
38%
David 81 957
36%
Quetzaltenango 180 706
32%
Limón 65 300
31%
Granada 102 872
30%
Santiago de Veraguas 51 236
29%
La Ceiba 199 080
24%
Liberia 59 100
23%
Santa Cruz del Quiché 78 279
23%
Alajuela 196 900
21%
Bluefields 54 532
21%
Cartago 232 300
21%
Huehuetenango 117 818
20%
Cobán 212 047
19%
Estelí 108 138
19%
Heredia 367 900
19%
Masaya 132 059
18%
Villa Nueva 426 316
18%
Villanueva 77 250
18%
Chinandega 112 727
17%
Comayagüa 111 700
17%
El Progreso 119 260
17%
Mixco 463 019
17%
Puerto Barrios 100 593
17%
Puntarenas 87 500
17%
Matagalpa 108 052
16%
San Marcos 63 209
16%
Santa Rosa de Copán 57 820
16%
Choluteca 96 410
14%
La Chorrera 118 521
14%
San Miguelito 315 019
14%
Santa Tecla 108 840
14%
Escuintla 156 313
13%
Jutiapa 145 880
13%
Chimaltenango 96 985
12%
Puerto Cabezas 77 871
12%
Usulután 51 496
12%
Danlí 75 420
11%
Jalapa 159 840
11%
Jinotega 54 633
11%
Sonsonate 49 129
11%
Soyapango 241 403
11%
Zacapa 60 370
11%
Chiquimula 111 505
10%
Chitré 48 479
10%
Choloma 202 000
10%
Juticalpa 69 850
10%
Puerto Cortés 69 000
10%
Retalhuleu 90 505
10%
San Martín 66 004
10%
Ahuachapán 63 981
9%
Apopa 131 286
9%
Mazatenango 77 431
9%
Mejicanos 140 751
9%
Tipitapa 137 519
9%
Tocoa 59 130
9%
Amatitlán 98 176
8%
Catacamas 59 990
8%
Ciudad Sandino 118 834
8%
Ilopango 103 862
8%
San Isidro de El General 66 300
8%
Siguatepeque 73 480
8%
Chichicastenango 71 394
7%
Tocumen 113 174
7%
Totonicapán 103 952
7%
Arraiján 96 676
6%
Delgado 112 161
6%
Juigalpa 52 596
6%
Salamá 65 275
6%
San Rafael de Alajuela 57 500
6%
Santa Catarina Pinula 70 982
6%
Santa Lucía Cotzumalguapa 58 877
6%
Villa Canales 124 680
6%
La Lima 75 100
5%
Las Cumbres 127 440
5%
Sololá 88 612
5%
Chinautla 104 972
4%
Pacora 103 960
4%
Palín 62 095
4%
Petapa 129 124
4%
Vista Alegre 55 114
4%
Cuscatancingo 66 400
3%
El Viejo 51 019
3%
Mateare 53 971
2%
Tonacatepeque 78 158
2%
No matching quizzes found
Score Distribution
Percent of People with Each Score
Percentile by Number Answered
Your Score History
You have not taken this quiz since the last reset